| 000 | 00391cam a22001097a 4500 | ||
|---|---|---|---|
| 008 | 180718b1969 xxu||||| |||| 00| 0 eng d | ||
| 082 | _aR706x71 C16/ST/2 | ||
| 100 | _aGoldenberg, Shirley B. | ||
| 245 |
_aTask force on labour relations, study no.2 professional workes and colllective bargaining _cby Shirley B. Goldenberg |
||
| 260 |
_aOttawa _bPrivy Council Office _c1969 |
||
| 300 | _aviii, 297p | ||
| 999 |
_c496393 _d496393 |
||